1972: NFL Teams with the Most Points - Statistics

General Stats
  • This quiz has been taken 10 times
  • The average score is 8 of 10
Answer Stats
Number of points NFL Team % Correct
319 Dallas Cowboys
100%
385 Miami Dolphins
100%
325 Denver Broncos
89%
367 New York Jets
89%
365 Oakland Raiders
89%
343 Pittsburgh Steelers
89%
331 New York Giants
78%
339 Detroit Lions
67%
353 San Francisco 49ers
67%
336 Washington Redskins
67%
No matching quizzes found
Score Distribution
Percent of People with Each Score
Percentile by Number Answered
Your Score History
You have not taken this quiz